00975 a2200229 4500003000500000005001700005010001600022020001500038040000900053082001200062100002800074245009000102260005100192300003400243505024300277650001900520700002600539700002800565942001200593999001900605952012100624Nust20221013113208.0 a 77017161 a0534005403 cNust00a574,KIR1 aKirk, David L.,910009810aBiology :bthe unity and diversity of life /cDavid Kirk, Ralph Taggart, Cecie Starr. aBelmont, Calif. :bWadsworth Pub. Co.,cc1978. axii, 420 p. :bill. ;c26 cm. aPrinciples Underlying the Diversity of Life (Page-3), The Shared Heritage of Life (Page-55), Complex Plans for Survival (Page-131), Adaptations in form and Function Organisms Evolving (Page-237), Life in a Changing Environment (Page-309). 0aBiology.917851 aStarr, Cecie,91000991 aTaggart, Ralph,9100100 2ddccBK c182666d182666 00102ddc4070aMCSbMCScGENd2016-12-12o574,KIRpMCS20853r2016-12-08w2016-12-12yBKzAlmirah No.25, Shelf No.6